Sports Quiz

Random Sports Quiz
Score 0/43 Timer 15:00
0 Plays Today
Position Driver % Correct
1Jeff Gordon
98.2%
2Dale Earnhardt
97.2%
7Kyle Petty
97.2%
4Mike Skinner
96.3%
20Jeremy Mayfield
96.3%
32Sterling Marlin
96.3%
5Michael Waltrip
95.4%
8Rusty Wallace
95.4%
21Darrell Waltrip
95.4%
24Ward Burton
95.4%
25Bobby Labonte
95.4%
27Bill Elliott
95.4%
28Tony Stewart
95.4%
34Steve Park
95.4%
35Jeff Burton
95.4%
37Dale Jarrett
95.4%
38Terry Labonte
95.4%
42Kenny Wallace
95.4%
9Chad Little
94.5%
30Ricky Rudd
94.5%
31Mark Martin
94.5%
22Brett Bodine
93.6%
Position Driver % Correct
39Geoffrey Bodine
93.6%
43John Andretti
93.6%
23Mike Wallace
92.7%
41Jimmy Spencer
92.7%
6Ken Schrader
91.7%
14Ernie Irvan
90.8%
3Kenny Irwin, Jr.
89.9%
29Bobby Hamilton
89.9%
36Joe Nemechek
89.9%
12Wally Dallenbach, Jr.
87.2%
40Elliott Sadler
85.3%
11Jerry Nadeau
82.6%
16Dave Marcis
82.6%
17Johnny Benson, Jr.
81.7%
19Robert Pressley
81.7%
13Kevin Lepage
79.8%
15Ted Musgrave
79.8%
26Ricky Craven
78.9%
18Derrike Cope
73.4%
10Rick Mast
71.6%
33Rich Bickle
64.2%
Remove Ads.
Support Sporcle.
Get the best of Sporcle when you Go Orange. This ad-free experience offers more features, more stats, and more fun while also helping to support Sporcle. Thank you for becoming a member.

You're not logged in!

Compare scores with friends on all Sporcle quizzes.
OR
Log In

Sporcle TV

Today on Sporcle TV


Watch our educational content, quiz creation guides, and fun videos on Sporcle TV.

Show Comments

Extras

Top Quizzes Today


Score Distribution

Paid Content

Your Account Isn't Verified!

In order to create a playlist on Sporcle, you need to verify the email address you used during registration. Go to your Sporcle Settings to finish the process.

Report this User

Report this user for behavior that violates our Community Guidelines.

Details: